Vuelve Tom /

Guardado en:
書目詳細資料
主要作者: Vega, Ana Lydia
格式: Texto
主題:
標簽: 添加標簽
沒有標簽, 成為第一個標記此記錄!

MARC

LEADER 00000 a a2200000 04500
001 2657
003
040
100 |a Vega, Ana Lydia  
245 |a Vuelve Tom /  |c Ana Lydia Vega 
650 |a GUERRA  
773 |g volumen 42, número 225; páginas 34-35  
999 |c 26827  |d 26827